Dimensión social de la caridad / P. Pedro Velázquez H.

Furkejuvvon:
Bibliográfalaš dieđut
Váldodahkki: Velázquez Hernández, Pedro (1912-1968) (autor)
Materiálatiipa: Girji
Fáttát:
Fáddágilkorat: Lasit fáddágilkoriid
Eai fáddágilkorat, Lasit vuosttaš fáddágilkora!

MARC

LEADER 00000nam^a2200000^u^4500
001 000544011
005 20250521000000.0
008 060220s1000^^^^^^^^^^^^r^^^^^000^0^spa^d
009 20260310131318.553
035 |a FMI 000013075 
037 |a Acervo Xavier Clavigero 
096 |a 5.7.5/29/C 
100 |a Velázquez Hernández, Pedro (1912-1968)  |e (autor) 
245 1 0 |a Dimensión social de la caridad / P. Pedro Velázquez H. 
264 |a México : Instituto Mexicano de Doctrina Social Cristiana 
300 |a 188 p. 
336 |a texto  |b txt  |2 rdacontenido 
337 |a sin mediación  |b n  |2 rdamedio 
338 |a volumen  |b nc  |2 rdasoporte 
597 |a "Ensayo sobre una virtud que no está de moda" 
649 |a XX 
650 |a Doctrina Social Católica 
910 |a Fondo Francisco Migoya Covarrubias S.J. 
920 |a Impresos - Libros 
930 |a Fondos Especiales 
905 |a 134 
901 |a SBC20602  |b IT2  |c ESP  |u 20250521 
902 |a https://opac.biblio.iteso.mx/vufind/Record/000544011